[Event "RUS-ch Men Blitz 2019"]
[Site "Sochi"]
[Date "2019.10.17"]
[Round "9.26"]
[White "Sysolyatin, Evgeny"]
[Black "Utnasunov, Alexander"]
[Result "1-0"]
[WhiteElo "2271"]
[BlackElo "2442"]
[Annotator "NA"]
[PlyCount "71"]
[EventDate "2019.10.17"]
[EventType "swiss"]
[EventCountry "RUS"]
[SourceTitle "playchess.com"]
[Source "ChessBase"]
[SourceQuality "1"]
[TimeControl "180+2"]

1. e4 {[%emt 0:00:00]} c5 {[%emt 0:00:00]} 2. Nf3 {[%emt 0:00:01]} d6 {[%emt 0:00:00]} 3. d4 {[%emt 0:00:02]} cxd4 {[%emt 0:00:00]} 4. Nxd4 {[%emt 0:00:03]} Nf6 {[%emt 0:00:01]} 5. Nc3 {[%emt 0:00:04]} g6 {[%emt 0:00:08]} 6. Nf3 {[%emt 0:00:03]} Nbd7 {[%emt 0:00:16]} 7. Bb5 {[%emt 0:00:05]} a6 {[%emt 0:00:09]} 8. Ba4 {[%emt 0:00:01]} Bg7 {[%emt 0:00:08]} 9. e5 {[%emt 0:00:25]} dxe5 {[%emt 0:00:03]} 10. Nxe5 {[%emt 0:00:03]} b5 {[%emt 0:00:16]} 11. Nxd7 {[%emt 0:00:01]} Bxd7 {[%emt 0:00:03]} 12. Bb3 {[%emt 0:00:02]} Bc6 {[%emt 0:00:01]} 13. O-O {[%emt 0:00:10]} O-O {[%emt 0:00:12]} 14. a3 {[%emt 0:00:16]} Qc7 {[%emt 0:00:11]} 15. h3 {[%emt 0:00:11]} Qb7 {[%emt 0:00:12]} 16. f3 {[%emt 0:00:07]} Rad8 {[%emt 0:00:02]} 17. Qe1 {[%emt 0:00:03]} Nd5 {[%emt 0:00:49]} 18. Nxd5 Bxd5 19. Bxd5 {[%emt 0:00:16]} Rxd5 {[%emt 0:00:01]} 20. c3 {[%emt 0:00:09]} Rfd8 {[%emt 0:00:06]} 21. Qf2 {[%emt 0:00:07]} a5 {[%emt 0:00:04]} 22. Be3 {[%emt 0:00:06]} b4 {[%emt 0:00:07]} 23. axb4 {[%emt 0:00:01]} axb4 {[%emt 0:00:01]} 24. Ra7 {[%emt 0:00:02]} Qb5 {[%emt 0:00:08]} 25. Rxe7 {[%emt 0:00:12]} bxc3 {[%emt 0:00:02]} 26. bxc3 {[%emt 0:00:02]} Bxc3 {[%emt 0:00:02]} 27. Qg3 {[%emt 0:00:25]} Rd1 {[%emt 0:00:23]} 28. Rxd1 {[%emt 0:00:10]} Rxd1+ {[%emt 0:00:03]} 29. Kh2 {[%emt 0:00:01]} Qb1 {[%emt 0:00:01]} 30. Qf4 {[%emt 0:00:18]} Rh1+ {[%emt 0:00:07]} 31. Kg3 {[%emt 0:00:00]} Be1+ {[%emt 0:00:10]} 32. Kg4 {[%emt 0:00:13]} h5+ {[%emt 0:00:10]} 33. Kg5 {[%emt 0:00:01]} Qb3 {[%emt 0:00:04]} 34. Kh6 {[%emt 0:00:06]} Kf8 {[%emt 0:00:00]} 35. Bc5 {[%emt 0:00:09]} Qd5 {[%emt 0:00:07]} 36. Qb8+ {[%emt 0:00:03]} 1-0

[Event "RUS-ch Men Blitz 2019"]
[Site "Sochi"]
[Date "2019.10.17"]
[Round "9.27"]
[White "Frolov, Aleksey G."]
[Black "Faizrakhmanov, Ramil"]
[Result "1-0"]
[WhiteElo "2093"]
[BlackElo "2434"]
[Annotator "NA"]
[PlyCount "117"]
[EventDate "2019.10.17"]
[EventType "swiss"]
[EventCountry "RUS"]
[SourceTitle "playchess.com"]
[Source "ChessBase"]
[SourceQuality "1"]
[TimeControl "180+2"]

1. e4 {[%emt 0:00:00]} c6 {[%emt 0:00:00]} 2. d4 {[%emt 0:00:00]} d5 {[%emt 0:00:00]} 3. Nc3 {[%emt 0:00:02]} dxe4 {[%emt 0:00:01]} 4. Nxe4 {[%emt 0:00:01]} Bf5 {[%emt 0:00:02]} 5. Ng3 {[%emt 0:00:02]} Bg6 {[%emt 0:00:01]} 6. Bc4 {[%emt 0:00:02]} e6 {[%emt 0:00:03]} 7. N1e2 {[%emt 0:00:01]} Bd6 {[%emt 0:00:04]} 8. h4 {[%emt 0:00:02]} h6 {[%emt 0:00:02]} 9. Nf4 {[%emt 0:00:01]} Bxf4 {[%emt 0:00:01]} 10. Bxf4 {[%emt 0:00:02]} Nf6 {[%emt 0:00:02]} 11. Be2 {[%emt 0:00:02]} O-O {[%emt 0:00:05]} 12. c4 {[%emt 0:00:09]} Nbd7 {[%emt 0:00:06]} 13. Qb3 {[%emt 0:00:02]} Qb6 {[%emt 0:00:05]} 14. Qc3 {[%emt 0:00:02]} Rad8 {[%emt 0:00:24]} 15. O-O {[%emt 0:00:03]} Rfe8 {[%emt 0:00:12]} 16. c5 {[%emt 0:00:17]} Nd5 {[%emt 0:00:26]} 17. cxb6 {[%emt 0:00:07]} Nxc3 {[%emt 0:00:02]} 18. bxc3 {[%emt 0:00:01]} axb6 {[%emt 0:00:06]} 19. Bf3 {[%emt 0:00:09]} Ra8 {[%emt 0:00:03]} 20. Be4 {[%emt 0:00:02]} f5 {[%emt 0:00:13]} 21. Bc2 {[%emt 0:00:11]} b5 {[%emt 0:00:02]} 22. Rfe1 {[%emt 0:00:10]} Nb6 {[%emt 0:00:01]} 23. Bb3 {[%emt 0:00:05]} Bf7 {[%emt 0:00:01]} 24. Bc7 {[%emt 0:00:16]} Nc4 {[%emt 0:00:08]} 25. a4 {[%emt 0:00:10]} Nd2 {[%emt 0:00:05]} 26. Bc2 {[%emt 0:00:05]} bxa4 {[%emt 0:00:08]} 27. Bxa4 {[%emt 0:00:09]} b5 {[%emt 0:00:03]} 28. Bc2 {[%emt 0:00:02]} Nc4 {[%emt 0:00:02]} 29. Ne2 {[%emt 0:00:15]} g5 {[%emt 0:00:02]} 30. hxg5 {[%emt 0:00:35]} hxg5 {[%emt 0:00:01]} 31. Be5 {[%emt 0:00:02]} Kh7 {[%emt 0:00:16]} 32. g4 {[%emt 0:00:04]} Bg6 {[%emt 0:00:01]} 33. Kg2 {[%emt 0:00:03]} Kg8 {[%emt 0:00:09]} 34. Ng3 {[%emt 0:00:11]} Rf8 {[%emt 0:00:18]} 35. Rxa8 {[%emt 0:00:06]} Rxa8 {[%emt 0:00:02]} 36. gxf5 {[%emt 0:00:02]} exf5 {[%emt 0:00:01]} 37. Nxf5 {[%emt 0:00:01]} Bxf5 {[%emt 0:00:11]} 38. Bxf5 {[%emt 0:00:02]} Kf7 {[%emt 0:00:01]} 39. Be4 {[%emt 0:00:04]} Ra6 {[%emt 0:00:03]} 40. Rh1 {[%emt 0:00:08]} Nxe5 {[%emt 0:00:04]} 41. dxe5 {[%emt 0:00:02]} Ke6 {[%emt 0:00:00]} 42. Rh6+ {[%emt 0:00:11]} Kxe5 {[%emt 0:00:01]} 43. Rxc6 {[%emt 0:00:04]} Ra3 {[%emt 0:00:03]} 44. Bf3 {[%emt 0:00:02]} Kf4 {[%emt 0:00:02]} 45. Rc5 {[%emt 0:00:08]} Ra2 {[%emt 0:00:06]} 46. Rxb5 {[%emt 0:00:03]} Rc2 {[%emt 0:00:01]} 47. Rb4+ {[%emt 0:00:02]} Ke5 {[%emt 0:00:01]} 48. c4 {[%emt 0:00:03]} Kd4 {[%emt 0:00:05]} 49. Rb5 {[%emt 0:00:01]} Rxc4 {[%emt 0:00:04]} 50. Rxg5 {[%emt 0:00:01]} Rc2 {[%emt 0:00:01]} 51. Kg3 {[%emt 0:00:01]} Rc1 {[%emt 0:00:01]} 52. Rd5+ {[%emt 0:00:01]} Kc4 {[%emt 0:00:01]} 53. Rd8 {[%emt 0:00:01]} Re1 {[%emt 0:00:01]} 54. Kf4 {[%emt 0:00:01]} Kc5 {[%emt 0:00:01]} 55. Be4 {[%emt 0:00:02]} Rf1 {[%emt 0:00:02]} 56. f3 {[%emt 0:00:01]} Rh1 {[%emt 0:00:02]} 57. Ke5 {[%emt 0:00:01]} Rh6 {[%emt 0:00:02]} 58. Rc8+ {[%emt 0:00:02]} Kb6 {[%emt 0:00:01]} 59. f4 {[%emt 0:00:01]} 1-0

[Event "RUS-ch Men Blitz 2019"]
[Site "Sochi"]
[Date "2019.10.17"]
[Round "9.28"]
[White "Korchmar, Vasiliy"]
[Black "Klimentov, Evgeny"]
[Result "1-0"]
[WhiteElo "2432"]
[BlackElo "2199"]
[Annotator "NA"]
[PlyCount "73"]
[EventDate "2019.10.17"]
[EventType "swiss"]
[EventCountry "RUS"]
[SourceTitle "playchess.com"]
[Source "ChessBase"]
[SourceQuality "1"]
[TimeControl "180+2"]

1. d4 {[%emt 0:00:00]} d6 {[%emt 0:00:00]} 2. e4 {[%emt 0:00:00]} g6 {[%emt 0:00:00]} 3. Nc3 {[%emt 0:00:01]} Bg7 {[%emt 0:00:01]} 4. f4 {[%emt 0:00:01]} a6 {[%emt 0:00:01]} 5. Nf3 {[%emt 0:00:01]} b5 {[%emt 0:00:01]} 6. Bd3 {[%emt 0:00:01]} Nd7 {[%emt 0:00:02]} 7. a4 {[%emt 0:00:01]} b4 {[%emt 0:00:03]} 8. Ne2 {[%emt 0:00:01]} c5 {[%emt 0:00:06]} 9. c3 {[%emt 0:00:01]} bxc3 {[%emt 0:00:07]} 10. bxc3 {[%emt 0:00:01]} Ngf6 {[%emt 0:00:03]} 11. e5 {[%emt 0:00:02]} Nd5 {[%emt 0:00:08]} 12. a5 {[%emt 0:00:01]} cxd4 {[%emt 0:00:10]} 13. cxd4 {[%emt 0:00:02]} Nb4 {[%emt 0:00:40]} 14. Bb1 {[%emt 0:00:01]} O-O {[%emt 0:00:03]} 15. Bd2 {[%emt 0:00:04]} Rb8 {[%emt 0:00:07]} 16. O-O {[%emt 0:00:03]} dxe5 {[%emt 0:00:12]} 17. fxe5 {[%emt 0:00:01]} Nd5 {[%emt 0:00:08]} 18. Qe1 {[%emt 0:00:17]} Rb2 {[%emt 0:00:27]} 19. Bc1 {[%emt 0:00:15]} Rb4 {[%emt 0:00:24]} 20. Be4 {[%emt 0:00:14]} Nxe5 {[%emt 0:00:16]} 21. Nxe5 {[%emt 0:00:39]} Bxe5 {[%emt 0:00:02]} 22. Bxd5 {[%emt 0:00:02]} Rxd4 {[%emt 0:00:01]} 23. Bb3 {[%emt 0:00:33]} Rd3 {[%emt 0:00:05]} 24. Rb1 {[%emt 0:00:04]} Bf5 {[%emt 0:00:12]} 25. Bh6 {[%emt 0:00:10]} Bg7 {[%emt 0:00:15]} 26. Bxg7 {[%emt 0:00:04]} Kxg7 {[%emt 0:00:01]} 27. Bc2 {[%emt 0:00:05]} Rd5 {[%emt 0:00:04]} 28. Bxf5 {[%emt 0:00:05]} gxf5 {[%emt 0:00:01]} 29. Nf4 {[%emt 0:00:03]} Rxa5 {[%emt 0:00:08]} 30. Rb7 {[%emt 0:00:14]} Qd4+ {[%emt 0:00:05]} 31. Kh1 {[%emt 0:00:01]} Re5 {[%emt 0:00:00]} 32. Qg3+ {[%emt 0:00:06]} Kh8 {[%emt 0:00:01]} 33. Rfb1 {[%emt 0:00:11]} Rg8 {[%emt 0:00:03]} 34. Rb8 {[%emt 0:00:04]} Re1+ {[%emt 0:00:07]} 35. Qxe1 {[%emt 0:00:08]} Qxf4 {[%emt 0:00:02]} 36. Rxg8+ {[%emt 0:00:04]} Kxg8 {[%emt 0:00:00]} 37. Qxe7 {[%emt 0:00:02]} 1-0

[Event "RUS-ch Men Blitz 2019"]
[Site "Sochi"]
[Date "2019.10.17"]
[Round "9.29"]
[White "Chekletsov, Ilya"]
[Black "Apryshko, Gleb"]
[Result "1-0"]
[WhiteElo "2377"]
[BlackElo "2382"]
[Annotator "NA"]
[PlyCount "79"]
[EventDate "2019.10.17"]
[EventType "swiss"]
[EventCountry "RUS"]
[SourceTitle "playchess.com"]
[Source "ChessBase"]
[SourceQuality "1"]
[TimeControl "180+2"]

1. d4 {[%emt 0:00:00]} g6 {[%emt 0:00:00]} 2. c4 {[%emt 0:00:02]} Bg7 {[%emt 0:00:00]} 3. e4 {[%emt 0:00:01]} Nc6 {[%emt 0:00:00]} 4. d5 {[%emt 0:00:06]} Nd4 {[%emt 0:00:00]} 5. Ne2 {[%emt 0:00:09]} c5 {[%emt 0:00:16]} 6. Nxd4 {[%emt 0:00:07]} cxd4 {[%emt 0:00:01]} 7. Bd3 {[%emt 0:00:04]} d6 {[%emt 0:00:07]} 8. O-O {[%emt 0:00:02]} Nf6 {[%emt 0:00:00]} 9. Bc2 {[%emt 0:00:15]} Nd7 {[%emt 0:00:02]} 10. Ba4 {[%emt 0:00:01]} O-O {[%emt 0:00:02]} 11. Bxd7 {[%emt 0:00:01]} Bxd7 {[%emt 0:00:01]} 12. Qd3 {[%emt 0:00:24]} Rc8 {[%emt 0:00:20]} 13. b3 {[%emt 0:00:06]} e5 {[%emt 0:00:11]} 14. Ba3 {[%emt 0:00:25]} Qe7 {[%emt 0:00:00]} 15. Bb4 {[%emt 0:00:03]} f5 {[%emt 0:00:07]} 16. Nd2 {[%emt 0:00:03]} Bh6 {[%emt 0:00:06]} 17. a4 {[%emt 0:00:10]} Bxd2 {[%emt 0:00:12]} 18. Bxd2 {[%emt 0:00:02]} fxe4 {[%emt 0:00:00]} 19. Qxe4 {[%emt 0:00:03]} Bf5 {[%emt 0:00:01]} 20. Qe2 {[%emt 0:00:05]} e4 {[%emt 0:00:03]} 21. Bh6 {[%emt 0:00:13]} Rfe8 {[%emt 0:00:36]} 22. Qd2 {[%emt 0:00:02]} Qh4 {[%emt 0:00:38]} 23. Bg5 {[%emt 0:00:19]} Qh5 {[%emt 0:00:09]} 24. Bf4 {[%emt 0:00:05]} g5 {[%emt 0:00:42]} 25. Bxd6 {[%emt 0:00:03]} e3 {[%emt 0:00:01]} 26. Qxd4 {[%emt 0:00:03]} e2 {[%emt 0:00:07]} 27. Rfe1 {[%emt 0:00:01]} Bc2 {[%emt 0:00:02]} 28. Bg3 {[%emt 0:00:11]} Qg6 {[%emt 0:00:07]} 29. d6 {[%emt 0:00:04]} Rcd8 {[%emt 0:00:02]} 30. Qd5+ {[%emt 0:00:14]} Kg7 {[%emt 0:00:00]} 31. Be5+ {[%emt 0:00:06]} Kh6 {[%emt 0:00:01]} 32. Rxe2 {[%emt 0:00:03]} Bxb3 {[%emt 0:00:05]} 33. Rae1 {[%emt 0:00:05]} Bxa4 {[%emt 0:00:02]} 34. c5 {[%emt 0:00:02]} Bc6 {[%emt 0:00:02]} 35. Qd4 {[%emt 0:00:05]} Rf8 {[%emt 0:00:01]} 36. Re3 {[%emt 0:00:01]} g4 {[%emt 0:00:02]} 37. Bf4+ {[%emt 0:00:04]} Kh5 {[%emt 0:00:00]} 38. Re5+ {[%emt 0:00:01]} Rf5 {[%emt 0:00:04]} 39. Rxf5+ {[%emt 0:00:01]} Qxf5 {[%emt 0:00:00]} 40. Re5 {[%emt 0:00:02]} 1-0

[Event "RUS-ch Men Blitz 2019"]
[Site "Sochi"]
[Date "2019.10.17"]
[Round "9.30"]
[White "Alexeev, Alexey"]
[Black "Shubin, Kirill"]
[Result "0-1"]
[WhiteElo "2252"]
[BlackElo "2416"]
[Annotator "NA"]
[PlyCount "52"]
[EventDate "2019.10.17"]
[EventType "swiss"]
[EventCountry "RUS"]
[SourceTitle "playchess.com"]
[Source "ChessBase"]
[SourceQuality "1"]
[TimeControl "180+2"]

1. e4 e6 2. d4 {[%emt 0:00:01]} d5 {[%emt 0:00:00]} 3. Nd2 {[%emt 0:00:01]} Be7 {[%emt 0:00:01]} 4. Ngf3 {[%emt 0:00:04]} Nf6 {[%emt 0:00:00]} 5. Bd3 c5 6. c3 {[%emt 0:00:04]} Nc6 {[%emt 0:00:02]} 7. O-O {[%emt 0:00:03]} cxd4 8. cxd4 {[%emt 0:00:01]} dxe4 {[%emt 0:00:04]} 9. Nxe4 {[%emt 0:00:02]} O-O {[%emt 0:00:03]} 10. Nc3 {[%emt 0:00:01]} b6 {[%emt 0:00:02]} 11. a3 {[%emt 0:00:06]} Bb7 {[%emt 0:00:01]} 12. Re1 {[%emt 0:00:01]} Rc8 {[%emt 0:00:01]} 13. Bc2 {[%emt 0:00:02]} g6 {[%emt 0:00:07]} 14. Bh6 {[%emt 0:00:22]} Re8 {[%emt 0:00:01]} 15. Qd3 {[%emt 0:00:11]} Nd5 {[%emt 0:00:12]} 16. Ba4 {[%emt 0:00:34]} a6 {[%emt 0:00:43]} 17. Ne4 {[%emt 0:00:05]} b5 {[%emt 0:00:02]} 18. Bb3 {[%emt 0:00:04]} Na5 {[%emt 0:00:13]} 19. Ba2 {[%emt 0:00:02]} Nc4 {[%emt 0:00:05]} 20. b4 {[%emt 0:00:10]} Nf6 {[%emt 0:00:22]} 21. Nc5 {[%emt 0:00:14]} Bxc5 {[%emt 0:00:11]} 22. bxc5 {[%emt 0:00:04]} Rxc5 {[%emt 0:00:04]} 23. Rad1 {[%emt 0:00:19]} Rf5 {[%emt 0:00:15]} 24. Ng5 {[%emt 0:00:34]} Ng4 {[%emt 0:00:09]} 25. Nxf7 {[%emt 0:00:14]} Rxf7 {[%emt 0:00:05]} 26. Bc1 {[%emt 0:00:18]} Nxf2 {[%emt 0:00:05]} 0-1

[Event "RUS-ch Men Blitz 2019"]
[Site "Sochi"]
[Date "2019.10.17"]
[Round "9.31"]
[White "Denishev, Marat"]
[Black "Radzhabov, Rodion"]
[Result "0-1"]
[WhiteElo "2167"]
[BlackElo "2211"]
[Annotator "NA"]
[PlyCount "64"]
[EventDate "2019.10.17"]
[EventType "swiss"]
[EventCountry "RUS"]
[SourceTitle "playchess.com"]
[Source "ChessBase"]
[SourceQuality "1"]
[TimeControl "180+2"]

1. d4 Nf6 2. Bf4 c5 3. e3 Qb6 4. Nc3 d6 5. Qd2 cxd4 6. exd4 g6 7. Nf3 Bg7 8. Bc4 O-O 9. O-O Qc7 10. Be2 a6 11. a4 b6 12. Rfe1 Bb7 13. h3 Nc6 14. Bf1 Rfe8 15. g3 Na5 16. Bg2 Nc4 17. Qc1 Rac8 18. Nd1 e5 19. dxe5 dxe5 20. Bh6 Bh8 21. b3 e4 22. Nh2 Ne5 23. Ne3 Nf3+ 24. Nxf3 exf3 25. Bf1 Ne4 26. Bf4 Qc5 27. Bd3 g5 28. Bxe4 gxf4 29. Bxb7 fxe3 30. Rxe3 Rxe3 31. Bxc8 Re2 32. Qf1 Bxa1 0-1

[Event "RUS-ch Men Blitz 2019"]
[Site "Sochi"]
[Date "2019.10.17"]
[Round "10.2"]
[White "Ponkratov, Pavel"]
[Black "Shimanov, Aleksandr"]
[Result "1/2-1/2"]
[WhiteElo "2621"]
[BlackElo "2587"]
[Annotator "TA"]
[PlyCount "83"]
[EventDate "2019.10.17"]
[EventType "swiss"]
[EventCountry "RUS"]
[SourceTitle "playchess.com"]
[Source "ChessBase"]
[SourceQuality "1"]

{[%evp 9,83,-1,4,-3,2,0,16,0,0,0,0,0,0,0,-7,0,0,0,0,0,1,-9,0,-16,137,0,0,0,0,0,0,-34,-4,-79,-35,-29,-35,-35,-38,-143,-25,-42,-49,-85,-79,-276,-271,-288,-283,-417,-259,-436,-428,-422,-412,-414,-397,-472,-490,-1089,-1079,-1585,-888,-3257,-3099,-2512,-1648,-29986,-29987,-29986,-29979,-5027,0,0,0,0]} 1. c4 c5 2. g3 Nf6 3. Bg2 Nc6 4. Nc3 g6 5. Nh3 Bg7 6. O-O {A36: Symmetrical English vs ...g6: 4 Bg2 Bg7} (6. Nf4 a6 7. e3 d6 8. d4 Nd7 9. Nfe2 O-O 10. O-O Rb8 11. b3 Na5 12. a4 e6 13. Rb1 b6 14. Qc2 Qe7 15. Rd1 Bb7 16. d5 e5 17. e4 Rbe8 18. Re1 Bc8 19. Nd1 f5 20. exf5 {½-½ (20) Iturrizaga Bonelli,E (2663)-Fier,A (2576) Medellin 2017}) 6... O-O 7. Rb1 b6 8. a3 Bb7 9. b4 {[%cal Bb2b4,Bb4b5][%mdl 32]} d6 10. d3 Qd7 11. Nf4 $146 ({Predecessor:} 11. Bd2 Nd4 12. bxc5 Bxg2 13. Kxg2 dxc5 14. Nf4 e6 {1-0 (38) Resende,J (2248)-Cardoso,J (1845) Minoxel 2004}) 11... e6 12. b5 $1 {[%cal Rb5c6]} Ne7 13. e4 d5 14. e5 Ne8 15. cxd5 exd5 16. d4 Nc7 $2 (16... cxd4 $1 $11 17. Qxd4 Nc7) 17. Re1 ({White must play} 17. dxc5 $1 $16 {And now c6 would win.} bxc5 18. Ne4 $1 {[%mdl 512]}) 17... cxd4 $11 18. Qxd4 Ne6 19. Nxe6 fxe6 20. f4 Rfd8 21. a4 (21. g4 $11) 21... Rac8 22. Ba3 Nf5 $36 {[%mdl 2048] Black has good play.} 23. Qd3 Rc4 24. Rb4 (24. Bh3 $15) 24... Rc7 (24... Qc7 $1 $17 25. Rxc4 dxc4 {[%mdl 64] Discovered Attack}) 25. Rb2 Qc8 26. Ne2 d4 {aiming for ...Bxg2.} 27. Bb4 $2 (27. Rd2 $17 {keeps fighting.}) 27... Bxg2 $19 28. Kxg2 Ne3+ $1 29. Kh3 {[#]} (29. Kf3 {was necessary.} Bxe5 30. fxe5) 29... g5 $1 {[%cal Rg5g4][%mdl 512] Hoping for ...g4+.} 30. fxg5 $2 (30. Bd2 g4+ 31. Kh4) 30... Bxe5 31. Qe4 Bg7 32. g4 d3 33. Qxe3 Bxb2 34. Nf4 (34. Ng3 $142 Rc4 35. Bd2) 34... Bc3 35. Nxe6 Bxb4 36. Rf1 Re8 37. Rf6 Rce7 {Threatens to win with ...d2.} 38. g6 Rxe6 39. gxh7+ {[#]} Kh8 $1 40. Qd4 {[#]} Rxf6 $2 ({Better is} 40... Bc3 $1 $19 41. Rf8+ {[%mdl 64] Discovered Attack (Double check)} Kxh7 42. Qxd3+ Kg7 43. Rxe8 Rxe8) 41. Qxf6+ $11 Kxh7 {( -> ...Re3+)} 42. Qf7+ {[%mdl 64] Double Attack. Accuracy: White = 39%, Black = 55%.} 1/2-1/2

[Event "RUS-ch Men Blitz 2019"]
[Site "Sochi"]
[Date "2019.10.17"]
[Round "10.3"]
[White "Grachev, Boris"]
[Black "Khismatullin, Denis"]
[Result "1-0"]
[WhiteElo "2621"]
[BlackElo "2611"]
[Annotator "TA"]
[PlyCount "45"]
[EventDate "2019.10.17"]
[EventType "swiss"]
[EventCountry "RUS"]
[SourceTitle "playchess.com"]
[Source "ChessBase"]
[SourceQuality "1"]

{[%evp 18,45,47,41,29,8,12,8,17,14,24,14,58,55,58,58,56,52,55,54,58,58,58,55,58,58,58,61,329,322]} 1. Nf3 Nf6 2. c4 d6 3. g3 e5 4. Bg2 Be7 5. Nc3 O-O 6. d4 Nbd7 7. O-O c6 8. e4 a6 9. a4 a5 10. h3 Ne8 {A55: Old Indian Defence with Nf3 and e4} (10... Re8 11. Be3 exd4 12. Nxd4 Nc5 13. Qc2 Bf8 14. Rad1 Qb6 15. g4 g6 16. g5 Nh5 17. f4 Be6 18. Nxe6 Rxe6 19. Qf2 f5 20. gxf6 Rxf6 21. f5 {½-½ (29) Sorokin,A (2522)-Khismatullin,D (2617) St Petersburg 2018}) 11. d5 $146 ({Predecessor:} 11. Be3 g6 12. Qc2 Ng7 13. Rad1 Qc7 14. Rfe1 Re8 15. b3 Bf8 16. Nh2 Ne6 17. d5 Nd4 18. Bxd4 exd4 19. Rxd4 {½-½ (41) Raja,R (2431)-Manolache,M (2509) Bucharest 2019}) 11... Nc7 12. Be3 Na6 {The position is equal.} 13. Ne1 Ndc5 14. Nd3 Re8 15. Nxc5 Nxc5 16. Bxc5 dxc5 17. Qc2 Qc7 18. Rad1 Bd7 19. Rd3 {aiming for d6!} Rad8 20. Rfd1 {Hoping for d6.} Bc8 21. Qd2 {d6 is the strong threat.} Rd6 22. Kh2 Rh6 $2 {[%mdl 8192] [#]} (22... Bf8 $14) 23. d6 {Accuracy: White = 84%, Black = 49%.} 1-0

[Event "RUS-ch Men Blitz 2019"]
[Site "Sochi"]
[Date "2019.10.17"]
[Round "10.4"]
[White "Lysyj, Igor"]
[Black "Bocharov, Dmitry"]
[Result "0-1"]
[WhiteElo "2596"]
[BlackElo "2519"]
[Annotator "ChessBase"]
[PlyCount "122"]
[EventDate "2019.10.17"]
[EventType "swiss"]
[EventCountry "RUS"]
[SourceTitle "playchess.com"]
[Source "ChessBase"]
[SourceQuality "1"]
[TimeControl "180+2"]

1. d4 {[%emt 0:00:01]} Nf6 {[%emt 0:00:01]} 2. c4 {[%emt 0:00:01]} e6 {[%emt 0:00:01]} 3. Nf3 {[%emt 0:00:01]} b6 {[%emt 0:00:02]} 4. g3 {[%emt 0:00:01]} Bb7 {[%emt 0:00:07]} 5. Bg2 {[%emt 0:00:02]} Be7 {[%emt 0:00:01]} 6. Nc3 {[%emt 0:00:02]} Ne4 {[%emt 0:00:17]} 7. Bd2 {[%emt 0:00:01]} d5 {[%emt 0:00:33]} 8. cxd5 {[%emt 0:00:03]} exd5 {[%emt 0:00:01]} 9. Qa4+ {[%emt 0:00:01]} Qd7 {[%emt 0:00:14]} 10. Qb3 {[%emt 0:00:02]} Nxd2 {[%emt 0:00:15]} 11. Nxd2 {[%emt 0:00:02]} c6 {[%emt 0:00:01]} 12. O-O {[%emt 0:00:07]} O-O {[%emt 0:00:11]} 13. Rad1 {[%emt 0:00:04]} f5 {[%emt 0:00:21]} 14. e4 {[%emt 0:00:20]} fxe4 {[%emt 0:00:01]} 15. Ndxe4 {[%emt 0:00:02]} Kh8 {[%emt 0:00:03]} 16. Nd2 {[%emt 0:00:02]} Bf6 {[%emt 0:00:05]} 17. Nf3 {[%emt 0:00:04]} Qd6 {[%emt 0:00:02]} 18. Rfe1 {[%emt 0:00:05]} Nd7 {[%emt 0:00:01]} 19. h4 {[%emt 0:00:09]} Rae8 {[%emt 0:00:18]} 20. Qc2 {[%emt 0:00:06]} g6 {[%emt 0:00:11]} 21. a3 {[%emt 0:00:05]} c5 {[%emt 0:00:21]} 22. Rxe8 {[%emt 0:00:43]} Rxe8 {[%emt 0:00:02]} 23. Ng5 {[%emt 0:00:02]} Bxg5 {[%emt 0:00:25]} 24. hxg5 {[%emt 0:00:01]} cxd4 {[%emt 0:00:00]} 25. Nb5 {[%emt 0:00:35]} Qe5 {[%emt 0:00:07]} 26. Nxd4 {[%emt 0:00:03]} Nc5 {[%emt 0:00:01]} 27. Nf3 {[%emt 0:00:09]} Qg7 {[%emt 0:00:03]} 28. Qd2 {[%emt 0:00:28]} Ne4 {[%emt 0:00:01]} 29. Qd4 {[%emt 0:00:01]} Qxd4 {[%emt 0:00:05]} 30. Rxd4 {[%emt 0:00:03]} Rc8 {[%emt 0:00:00]} 31. Rd1 {[%emt 0:00:07]} Rc2 {[%emt 0:00:02]} 32. Nd4 {[%emt 0:00:01]} Rxb2 {[%emt 0:00:03]} 33. Bxe4 {[%emt 0:00:02]} dxe4 {[%emt 0:00:01]} 34. Ne6 {[%emt 0:00:05]} Kg8 {[%emt 0:00:01]} 35. Rd7 {[%emt 0:00:20]} Bc8 {[%emt 0:00:01]} 36. Rd8+ {[%emt 0:00:05]} Kf7 {[%emt 0:00:01]} 37. Nf4 {[%emt 0:00:02]} Bg4 {[%emt 0:00:02]} 38. Kg2 {[%emt 0:00:05]} Bf3+ {[%emt 0:00:01]} 39. Kh3 {[%emt 0:00:01]} Rb1 {[%emt 0:00:02]} 40. g4 {[%emt 0:00:01]} Rh1+ {[%emt 0:00:02]} 41. Kg3 {[%emt 0:00:00]} Rg1+ {[%emt 0:00:01]} 42. Kh3 {[%emt 0:00:01]} Rxg4 {[%emt 0:00:02]} 43. Nd5 {[%emt 0:00:02]} Rxg5 {[%emt 0:00:01]} 44. Ne3 {[%emt 0:00:01]} Ra5 {[%emt 0:00:02]} 45. Rd7+ {[%emt 0:00:01]} Ke6 {[%emt 0:00:01]} 46. Rxh7 {[%emt 0:00:01]} Rxa3 {[%emt 0:00:01]} 47. Kg3 {[%emt 0:00:02]} a5 {[%emt 0:00:02]} 48. Rb7 {[%emt 0:00:01]} Rb3 {[%emt 0:00:01]} 49. Ra7 {[%emt 0:00:02]} Kd6 {[%emt 0:00:02]} 50. Kf4 {[%emt 0:00:02]} Kc5 {[%emt 0:00:01]} 51. Kg5 {[%emt 0:00:06]} Rb2 {[%emt 0:00:01]} 52. Kxg6 {[%emt 0:00:02]} Rxf2 {[%emt 0:00:02]} 53. Kf5 {[%emt 0:00:01]} Rd2 {[%emt 0:00:02]} 54. Rc7+ {[%emt 0:00:03]} Kb5 {[%emt 0:00:02]} 55. Kf4 {[%emt 0:00:04]} a4 {[%emt 0:00:02]} 56. Nc4 {[%emt 0:00:01]} Rd4 {[%emt 0:00:02]} 57. Na3+ {[%emt 0:00:00]} Ka6 {[%emt 0:00:02]} 58. Nc2 {[%emt 0:00:04]} Rd2 {[%emt 0:00:02]} 59. Na3 {[%emt 0:00:02]} b5 {[%emt 0:00:03]} 60. Rc6+ {[%emt 0:00:03]} Ka5 {[%emt 0:00:01]} 61. Rc8 {[%emt 0:00:04]} Ra2 {[%emt 0:00:04]} 0-1